|
|
|
|
| LEADER |
00000nam a22000007a 4500 |
| 005 |
20210504232046.0 |
| 007 |
cr|||| ||| |
| 008 |
210504s2020 co |||||s|||| 00||0 spa d |
| 020 |
|
|
|a 978-958-665-603-0
|
| 035 |
|
|
|a 33254
|
| 040 |
|
|
|a vLex
|
| 090 |
|
|
|c 11615
|d 11615
|
| 100 |
1 |
|
|a Ford, Richard T.
|
| 245 |
1 |
0 |
|a Derecho y geografa̕
|h [Recurso electrn̤ico] :
|b espacio, poder y sistema jurd̕ico /
|c Richard T. Ford, Irus Braverman, Mariana Valverde, Maria Victoria Castro, Nicholas Blomley
|
| 256 |
|
|
|a Servicio en ln̕ea
|
| 260 |
|
|
|a Bogot:̀
|b Siglo del Hombre Editores,
|c 2020
|
| 300 |
|
|
|a 1 recurso electrn̤ico
|
| 500 |
|
|
|a Este libro presenta un mapa de categora̕s provenientes de la geografa̕ para analizar la relacin̤ entre derecho y geografa̕ segn︢ lo comprende la literatura de la corriente de la geografa̕ legal. Este libro presenta, por primera vez en espaǫl, cuatro ensayos fundamentales para entender qu ̌es la geografa̕ legal y cm̤o resulta productiva para la acadm̌ia legal latinoamericana. El punto de partida es el reconocimiento de la naturaleza polt̕ica del espacio; y el objetivo general, es proporcionar herramientas para entender cm̤o el derecho ha contribuhido a la produccion de espacializaciones, lugares, territorios e imaginaciones geogrf̀icas de nuestra vida cotidiana.
|
| 506 |
1 |
|
|a Disponible solo en los productos indicados
|d vLex Global
|d vLex Global (Academic Edition, excluding Law Schools)
|d vLex Global (U.S. Academic Edition, Law Schools)
|d vLex Global (U.S. Academic Edition, excluding Law Schools)
|d vLex Global (Academic Edition, Law Schools)
|
| 650 |
0 |
4 |
|a Derecho Pb︢lico y Administrativo
|z Colombiaa
|
| 700 |
1 |
|
|a Braverman, Irus
|
| 700 |
1 |
|
|a Valverde, Mariana
|
| 700 |
1 |
|
|a Castro, Maria Victoria
|
| 700 |
1 |
|
|a Blomley, Nicholas
|
| 740 |
0 |
|
|a vLex Libros (Servicio en ln̕ea)
|
| 856 |
4 |
0 |
|u https://vlex.com/source/derecho-y-geografia-espacio-poder-y-sistema-juridico-33254
|z Acceso restringido
|
| 942 |
|
|
|c BOOK
|
| 999 |
0 |
|
|a Public and Administrative Law
|